00615 a2200181 4500003000500000005001700005040000900022082001400031100002600045245004800071260005200119300002700171505006900198650002200267942002300289999001900312952010200331Nust20221220115551.0 cNust a320.1,MOO aMoodie, A. E.9105333 aGeography behind politics / cMoodie, A. E. aLondon,bHutchinson University Libraryc [1961] a178 p. illus.b 19 cm. aThe Scope of Political Geography (Page-7) List of Maps (Page-76) a politics.951824 2ddccBKk320.1,MOO c184911d184911 00102ddc40708NFICaMCSbMCSd2016-12-12l0o320.1 MOOpMCS29441r2016-12-08w2016-12-12yBK